ऋगवेद में विविध विधाएँ / (Record no. 120215)

MARC details
000 -LEADER
fixed length control field 01154nam a22002537a 4500
005 - DATE AND TIME OF LATEST TRANSACTION
control field 20170124103154.0
010 ## - LIBRARY OF CONGRESS CONTROL NUMBER
LC control number B-033348
020 ## - INTERNATIONAL STANDARD BOOK NUMBER
Terms of availability 500.00
International Standard Book Number 8174930371
035 ## - SYSTEM CONTROL NUMBER
System control number B-033348
037 ## - SOURCE OF ACQUISITION
Source of stock number/acquisition Cen Lib/Ret
040 ## - CATALOGING SOURCE
Original cataloging agency DPL
Language of cataloging HN
082 ## - DEWEY DECIMAL CLASSIFICATION NUMBER
Classification number 220.21
Item number सुरेन्द्र
100 ## - MAIN ENTRY--PERSONAL NAME
Personal name सुरेन्द्र कुमार
9 (RLIN) 89195
245 ## - TITLE STATEMENT
Title ऋगवेद में विविध विधाएँ /
Statement of responsibility, etc सुरेन्द्र कुमार
246 ## - VARYING FORM OF TITLE
Title proper/short title Rigveda mein vividh vidyan /
Remainder of title by Surendra Kumar
260 ## - PUBLICATION, DISTRIBUTION, ETC. (IMPRINT)
Place of publication, distribution, etc दिल्ली
Name of publisher, distributor, etc संजय प्रकाशन
Date of publication, distribution, etc 2000
270 ## - ADDRESS
Address ए-2/703, प्रगति विहार, सोम बाज़ार
City दिल्ली
Postal code 110053
300 ## - PHYSICAL DESCRIPTION
Extent xvi, 219पृ.
Dimensions 21सेमी (सजिल्द)
650 ## - SUBJECT ADDED ENTRY--TOPICAL TERM
Topical term or geographic name as entry element हिन्दू धर्म -- ऋगवेद
9 (RLIN) 46937
650 ## - SUBJECT ADDED ENTRY--TOPICAL TERM
Topical term or geographic name as entry element ऋगवेद -- सामाजिक विचार धारा
9 (RLIN) 89196
650 ## - SUBJECT ADDED ENTRY--TOPICAL TERM
Topical term or geographic name as entry element Hinduism -- Rig Veda
9 (RLIN) 89197
650 ## - SUBJECT ADDED ENTRY--TOPICAL TERM
Topical term or geographic name as entry element RigVeda -- Social ideologies
9 (RLIN) 89198
942 ## - ADDED ENTRY ELEMENTS (KOHA)
Source of classification or shelving scheme Dewey Decimal Classification
Koha item type Hindi Books
Classification part 220.21
Call number suffix सुरेन्द्र
Holdings
Withdrawn status Lost status Damaged status Not for loan Home library Current library Date acquired Source of acquisition Cost, normal purchase price Total Checkouts Full call number Barcode Date last seen Date checked out Copy number Cost, replacement price Price effective from Koha item type
        Central Library Central Library 21/09/2015 Cen Lib/Ret 500.00 2 220.21 सुरेन्द्र B-033348 20/12/2018 08/12/2018 1 500.00 21/09/2015 Hindi Books

© Delhi Public Library
Hit Counter
free hit counter